| 000 | 01115nam a22002537a 4500 | ||
|---|---|---|---|
| 001 | BD-DhSAU 9439 | ||
| 003 | BD-DhSAU | ||
| 005 | 20181209163837.0 | ||
| 008 | 150613b2013 bg a|||| m||| 00| 0 eng d | ||
| 040 | _aBD-DhSAU | ||
| 082 |
_222 _a630.715 _bM2789 |
||
| 100 |
_aMahmud, Nuid _eRegistration # 05-01763 |
||
| 245 |
_aHousehold food consumption status of the rural families of Jamalpur sadar upazila / _bMS thesis _cNuid Mahmud |
||
| 260 |
_aSher-e-Bangla Agricultural University : _bDepartment of Agricultural Extension & Information System, _c2013. |
||
| 300 |
_ax, 66 p. : _bill. ; _c30 cm. |
||
| 500 | _aMS thesis of Department of Agricultural Extension & Information System, Faculty of Agriculture, Sher-e-Bangla Agricultural University, Dhaka, Bangladesh | ||
| 504 | _aIncludes bibliographical reference. | ||
| 590 | _aJerin | ||
| 650 | _aAgricultural Extension & Information System | ||
| 700 |
_aIslam, Md. Rafiquel _eSuperviser |
||
| 700 |
_aAli, Md. Sekender _eCo-superviser |
||
| 856 | _uhttp://archive.saulibrary.edu.bd:8080/xmlui/handle/123456789/862 | ||
| 942 |
_2ddc _cTHESIS |
||
| 999 |
_c9439 _d9439 |
||